Lucifer Cast - Statistics

General Stats
  • This quiz has been taken 358 times
    259 since last reset
  • The average score is 10 of 22
Answer Stats
actor character % Correct
Lauren German Chloe decker
96%
Tom Ellis Lucifer Morningstar
96%
Lesley- Ann Brandt Maze
88%
D.B woodside Amenadiel
86%
Scarlett Estevez Trixie
86%
Tricia helfer Charlotte
81%
Aimee Garcia Ella
81%
Rachael Harris Linda Martin
75%
Kevin Alejandro Dan Espinoza
73%
Inbar Lavi Eve
62%
Tom Welling Marcus pierce
56%
Michael Imperioli Uriel
39%
Graham McTavish Father Kinley
25%
Rebecca De Mornay Penelope
16%
Lindsey Gort Candy Morningstar
14%
Kevin Rankin Malcolm graham
14%
Lochlyn Munro Anthony Paolucci
8%
Dawn Olivieri Olivia Monroe
4%
Evan Arnold Jacob williams
3%
Heather Tom Mel graham
3%
Alex Fernandez Perry Smith
3%
Tim Dekay Professor Carlisle
2%
No matching quizzes found
Score Distribution
Percent of People with Each Score
Percentile by Number Answered
Your Score History
You have not taken this quiz since the last reset